000 003520000a22001450004500
005 20120302064100.0
942 _cBOOK
100 _a Sathe,Rajas
245 _a Shri Gayatri Stotratha Dipika
260 _aPune:Paramhansa Swachandanand seva pratisthan,2002.
300 _a304p..-ill
040 _aMar
365 _b150/-
650 _aGayatri Stortra
999 _c361233
_d361230